| 000 | 01173naa a22003257a 4500 | ||
|---|---|---|---|
| 001 | BR9402012 | ||
| 003 | BR-BrBNA | ||
| 005 | 20240918181200.0 | ||
| 007 | ta | ||
| 008 | 230509b bl.||||| |||| 00| 0 por d | ||
| 040 |
_aBR-BrBNA _bpor _cBiblioteca Nacional de Agricultura |
||
| 041 | _a(Pt) | ||
| 072 |
_aF04 _b1122 _b3820 _b3830 |
||
| 090 | _aF04 BR9402012 | ||
| 100 | 1 | _aCorrea, L. de S. | |
| 100 | 1 | _aFrizzone, J.A. | |
| 100 | 1 | _aNascimento, V.M. do | |
| 100 | 1 | _aFernandes, F.M. | |
| 111 | 1 |
_a10. Congresso Brasileiro de Fruticultura _cFortaleza, CE (Brazil) _d1-6 Oct 1989 |
|
| 245 | 1 | _aAdubacao do mamoeiro (Carica papaya L.)cv. Solo: 2. estudo da funcao de producao com as variaveis nitrogenio e fosforo | |
| 260 | 3 |
_aFortaleza, CE (Brasil): _c1989. |
|
| 500 | _a10. Congresso Brasileiro de Fruticultura. Anais Fortaleza, CE (Brasil): 1989. p. 291-297 (BR9402012-AM)F04 | ||
| 650 | _aMamao | ||
| 650 | _aAdubacao | ||
| 650 | _aNitrogenio | ||
| 650 | _aFosforo | ||
| 773 | 0 |
_t10. Congresso Brasileiro de Fruticultura. Anais _wF04 BR9402012 _gFortaleza, CE (Brasil), 1989. p. 291-297 |
|
| 909 |
_a202404 _bLucia _c55 _dLucia Elande |
||
| 942 |
_cAM _2AGRIS |
||
| 999 |
_c323987 _d323987 |
||